000 00400nam a22001337a 4500
003 OSt
005 20211123145001.0
008 211123b ||||| |||| 00| 0 eng d
040 _cAIMIT LIBRARY
100 _aThankachan, Akhil K; N, Hemalatha.
_d192002
_910778
245 _aDetection of Covid- 19 Using X-Ray.
260 _aTata Consultancy Service, Bangalore
_bHemalatha N.
_c2021
942 _2ddc
_cPRO
999 _c220734
_d220734